<?xml version="1.0" encoding="UTF-8"?>
<record
    xmlns:xsi="http://www.w3.org/2001/XMLSchema-instance"
    xsi:schemaLocation="http://www.loc.gov/MARC21/slim http://www.loc.gov/standards/marcxml/schema/MARC21slim.xsd"
    xmlns="http://www.loc.gov/MARC21/slim">

  <leader>00694nam a2200193 a 4500</leader>
  <controlfield tag="001">84713</controlfield>
  <controlfield tag="003">BD-RjUL</controlfield>
  <controlfield tag="005">20250220130021.0</controlfield>
  <controlfield tag="008">250220s2013    bg ||||| |||| 00| 0 eng d</controlfield>
  <datafield tag="035" ind1=" " ind2=" ">
    <subfield code="a">(BD-RjUL)84713</subfield>
  </datafield>
  <datafield tag="040" ind1=" " ind2=" ">
    <subfield code="a">BD-RjUL</subfield>
    <subfield code="b">eng</subfield>
    <subfield code="c">BD-RjUL</subfield>
  </datafield>
  <datafield tag="041" ind1=" " ind2=" ">
    <subfield code="a">ben</subfield>
  </datafield>
  <datafield tag="082" ind1=" " ind2=" ">
    <subfield code="2">23</subfield>
    <subfield code="a">917.3</subfield>
    <subfield code="b">QUA 2013</subfield>
  </datafield>
  <datafield tag="100" ind1=" " ind2=" ">
    <subfield code="a">&#x995;&#x9BE;&#x9B8;&#x9C7;&#x9AE;, &#x9AE;&#x9CB;. &#x986;&#x9AC;&#x9C1;&#x9B2; </subfield>
    <subfield code="9">15064</subfield>
  </datafield>
  <datafield tag="245" ind1=" " ind2=" ">
    <subfield code="a">&#x986;&#x9AE;&#x9C7;&#x9B0;&#x9BF;&#x995;&#x9BE;&#x995;&#x9C7; &#x9AF;&#x9C7;&#x9AE;&#x9A8; &#x9A6;&#x9C7;&#x996;&#x9C7;&#x99B;&#x9BF; / </subfield>
    <subfield code="c">&#x9AE;&#x9CB;. &#x986;&#x9AC;&#x9C1;&#x9B2; &#x995;&#x9BE;&#x9B8;&#x9C7;&#x9AE;</subfield>
  </datafield>
  <datafield tag="651" ind1=" " ind2=" ">
    <subfield code="a">&#x9AE;&#x9BE;&#x9B0;&#x9CD;&#x995;&#x9BF;&#x9A8; &#x9AF;&#x9C1;&#x995;&#x9CD;&#x9A4;&#x9B0;&#x9BE;&#x9B7;&#x9CD;&#x99F;&#x9CD;&#x9B0; </subfield>
    <subfield code="x">&#x9AC;&#x9B0;&#x9CD;&#x9A3;&#x9A8;&#x9BE; &#x98F;&#x9AC;&#x982; &#x9AD;&#x9CD;&#x9B0;&#x9AE;&#x9A3;</subfield>
    <subfield code="9">15065</subfield>
  </datafield>
  <datafield tag="651" ind1=" " ind2=" ">
    <subfield code="a">United States </subfield>
    <subfield code="x">Description and travel.</subfield>
    <subfield code="9">2516</subfield>
  </datafield>
  <datafield tag="942" ind1=" " ind2=" ">
    <subfield code="2">ddc</subfield>
    <subfield code="c">BK</subfield>
  </datafield>
  <datafield tag="999" ind1=" " ind2=" ">
    <subfield code="c">84713</subfield>
    <subfield code="d">84713</subfield>
  </datafield>
  <datafield tag="952" ind1=" " ind2=" ">
    <subfield code="0">0</subfield>
    <subfield code="1">0</subfield>
    <subfield code="2">ddc</subfield>
    <subfield code="4">0</subfield>
    <subfield code="7">0</subfield>
    <subfield code="8">NFIC</subfield>
    <subfield code="a">RUCL</subfield>
    <subfield code="b">RUCL</subfield>
    <subfield code="c">Reading</subfield>
    <subfield code="d">2025-02-12</subfield>
    <subfield code="e">Author</subfield>
    <subfield code="l">0</subfield>
    <subfield code="o">B 917.3 QUA 2013</subfield>
    <subfield code="r">2025-02-20 00:00:00</subfield>
    <subfield code="t">C-1</subfield>
    <subfield code="w">2025-02-20</subfield>
    <subfield code="y">BK</subfield>
  </datafield>
</record>
